[Event "48th Rilton Cup 2018"]
[Site "Stockholm"]
[Date "2018.12.30"]
[Round "4"]
[White "Debashis, Das"]
[Black "Wallace, John Paul"]
[Result "1-0"]
[WhiteElo "2544"]
[BlackElo "2367"]
[Annotator "TA"]
[PlyCount "91"]
[EventDate "2018.12.27"]
[EventType "swiss"]
[EventCountry "SWE"]
[SourceTitle "playchess.com"]
[Source "ChessBase"]
[SourceQuality "1"]

{[%evp 19,91,29,41,40,55,43,42,39,42,37,49,34,52,19,55,50,60,63,72,23,70,62,68,39,65,58,107,71,79,76,83,66,111,106,161,162,244,217,220,229,214,150,243,185,173,140,246,238,281,276,276,256,398,387,418,201,468,407,654,645,906,892,988,973,1577,1449,1942,1897,6207,6000,5765,4931,29986,1825]} 1. d4 Nf6 2. c4 g6 3. Nc3 Bg7 4. e4 d6 5. Nf3 O-O 6. Be2 e5 7. O-O Nc6 8. d5 Ne7 9. Bd2 Ne8 10. Rc1 f5 {LiveBook: 8 Games. E97: King's Indian: Classical Main Line (6...e5 7 0-0 Nc6): 8 Be3 and 8 d5 Ne7, not 9 Ne1} 11. Bd3 (11. exf5 gxf5 12. Qb3 b6 13. g3 Ng6 14. Ng5 Kh8 15. Qc2 Qe7 16. f4 e4 17. Nd1 Bd7 18. Ne3 {½-½ (49) Gareyev,T (2658)-Aldama Degurnay,D (2425) Los Angeles 2012}) 11... h6 12. Re1 $146 ({Predecessor:} 12. h3 f4 13. Na4 g5 14. Nh2 Ng6 15. Be2 Nf6 16. Nc3 Nh4 {1-0 (56) Lope de Vergara,G (1737)-Galleto,R (2014) Buenos Aires 2013}) 12... f4 {White is slightly better.} 13. c5 g5 14. h3 dxc5 15. Na4 b6 16. b4 c4 17. Bxc4 Nd6 {Threatens to win with ...b5.} 18. Nb2 Ng6 19. Nh2 Nh4 20. Bf1 Rf7 21. Rc3 Bd7 22. a4 a5 23. bxa5 Rxa5 24. Ra3 Ra7 25. Bb4 Bf8 26. Nd3 Qe8 (26... Qf6 $16 {keeps fighting.}) 27. Be2 $1 $18 Kh7 (27... Nc4 {was worth a try.}) 28. Bh5 {[%mdl 64] Skewer} Ng6 29. Nf3 {Strongly threatening Bxg6+.} Bg7 30. Nb2 Rf6 (30... Qc8 $16 31. Qc2 Qb8) 31. Qc2 Nf7 32. Nh2 Bf8 {[#]} (32... c5 $16) 33. Bxf8 $1 Qxf8 34. Rc3 Qb4 35. Nd3 Qd6 (35... Qxa4 $142 36. Qxa4 (36. Rxc7 Qxc2 37. Rxc2 Kg7 $18) 36... Bxa4) 36. Rc1 Bxa4 37. Qb2 (37. Qa2 $142) 37... Nfh8 $2 (37... Bd7 {was called for.} 38. Nf3 Nh4 39. Nxh4 gxh4) 38. Ng4 Rf7 (38... Rf8 $142 39. Ra3 Rfa8 40. Ndxe5 Nxe5) 39. Ra3 Re7 40. Qa1 b5 41. Rc6 Qd8 42. Ndxe5 Nxe5 43. Nxe5 b4 {[#]} 44. Ng4 $1 {[%mdl 512]} Bxc6 45. Rxa7 Bb5 46. Qf6 {Accuracy: White = 80%, Black = 32%.} (46. Nf6+ $142 Kg7 {[#]} 47. d6 $1 {[%mdl 512]} Rf7 48. dxc7 Qxf6 49. Qxf6+ Kxf6 50. c8=Q Rxa7 51. Qxh8+ {[%mdl 64] Double Attack} Ke6 52. Bg4+ Ke7 53. Qg7+ Kd6 54. Qxa7) 1-0

[Event "48th Rilton Cup 2018"]
[Site "Stockholm"]
[Date "2018.12.30"]
[Round "4"]
[White "Lalith Babu M R"]
[Black "Sawatzki, Frank"]
[Result "1-0"]
[WhiteElo "2529"]
[BlackElo "2392"]
[Annotator "TA"]
[PlyCount "93"]
[EventDate "2018.12.27"]
[EventType "swiss"]
[EventCountry "SWE"]
[SourceTitle "playchess.com"]
[Source "ChessBase"]
[SourceQuality "1"]

{[%evp 24,93,16,26,38,34,40,35,72,45,63,7,70,33,41,41,42,11,16,0,0,-2,9,9,43,43,47,29,50,24,85,87,91,83,116,111,83,37,51,35,35,0,95,95,145,160,141,126,131,66,246,190,193,176,208,202,203,223,267,264,343,343,341,325,452,449,462,450,419,372,449,430]} 1. Nf3 d5 2. d4 Nf6 3. c4 c6 4. Nc3 dxc4 5. a4 Bf5 6. Ne5 Nbd7 7. Nxc4 Nb6 8. Ne5 a5 9. h4 {D17: Slav Defence: 5 a4 Bf5: Lines with 6 Nh4 and 6 Ne5} h6 10. f3 Nfd7 11. e4 Bh7 12. Nd3 e6 13. Be3 {LiveBook: 22 Games} Be7 (13... Bd6 14. Bf2 O-O 15. Qb3 Qe7 16. g4 Kh8 {0-1 (32) So,W (2812)-Giri,A (2771) Leuven 2017}) 14. g3 O-O 15. Qb3 {[#]} Bd6 $146 ({Predecessor:} 15... Rc8 16. Kf2 c5 17. dxc5 Nxc5 18. Nxc5 Bxc5 19. Bxc5 Rxc5 {½-½ (36) Pashikian,A (2606)-Andriasian,Z (2594) Yerevan 2016}) 16. Ne2 Qe7 17. Rc1 (17. Kf2 $14) 17... Kh8 (17... Bb4+ $1 $11 18. Kf2 f5) 18. Bg2 (18. Nef4 {is interesting.} Rfe8 19. Kf2 Rab8 20. Be2 Bc7 21. Bd2) 18... Bb4+ 19. Nxb4 axb4 20. Ra1 f5 21. e5 Nd5 22. Bd2 c5 23. f4 Bg8 24. O-O b6 25. Rfc1 Ra5 26. Qd3 g6 (26... Nb8 $11) 27. Be1 Rfa8 28. Bf2 Rxa4 29. Rxa4 Rxa4 30. dxc5 bxc5 31. Qb5 Ra2 32. Rc2 Bf7 (32... Ra1+ $11 {remains equal.} 33. Kh2 g5) 33. Nc1 $36 {[%mdl 2048] White is really pushing.} Ra8 34. Bxd5 exd5 35. Bxc5 Nxc5 36. Qxc5 (36. Rxc5 $16 d4 37. Qb6 (37. Qxb4 Kh7 $16)) 36... Qd8 $2 (36... Qxc5+ $14 37. Rxc5 Ra1) 37. Qd4 {Strongly threatening e6+.} (37. Qxb4 $6 d4 $16) 37... Kg8 38. Nb3 (38. Qxb4 $6 d4 $16) 38... Rc8 {[#]} 39. Rxc8 $1 Qxc8 40. Nc5 b3 41. Kf2 g5 42. hxg5 ({But not} 42. fxg5 hxg5 43. hxg5 Qc6 $18) 42... hxg5 43. fxg5 f4 44. gxf4 Qh3 45. Ke1 Qg2 46. Nd3 ({Weaker is} 46. Qf2 Qh1+ 47. Kd2 Qb1 $18) 46... Bg6 47. Nf2 {Accuracy: White = 71%, Black = 25%.} 1-0

[Event "48th Rilton Cup 2018"]
[Site "Stockholm"]
[Date "2018.12.30"]
[Round "4"]
[White "Thybo, Jesper Sondergaard"]
[Black "Dhulipalla Bala Chandra Prasa"]
[Result "1-0"]
[WhiteElo "2519"]
[BlackElo "2328"]
[Annotator "TA"]
[PlyCount "119"]
[EventDate "2018.12.27"]
[EventType "swiss"]
[EventCountry "SWE"]
[SourceTitle "playchess.com"]
[Source "ChessBase"]
[SourceQuality "1"]

{[%evp 14,119,43,33,43,46,47,16,61,30,35,0,0,-18,-14,-31,-31,-33,-15,-9,62,5,3,-27,-25,-49,0,0,0,0,8,-20,-20,-20,-19,-19,0,0,76,78,69,67,100,74,158,144,144,83,110,87,79,0,50,58,135,63,56,61,75,58,171,122,168,159,169,158,185,168,169,0,209,201,227,213,240,225,224,216,218,216,297,297,277,292,405,324,514,513,510,502,496,443,477,459,443,433,510,283,502,504,514,432,429,427,533,522,29982,29983]} 1. e4 e5 2. Nf3 Nc6 3. Bc4 Nf6 4. d3 h6 5. O-O d6 6. c3 g5 {C55: Two Knights: 4 d3, 4 d4 exd4 5 e5 and Max Lange Attack} (6... g6 7. Re1 Bg7 8. Nbd2 O-O 9. Bb3 Re8 10. Nf1 Be6 11. h3 d5 12. Ng3 Qd7 13. Ba4 Nh7 14. d4 exd4 15. Nxd4 Rad8 16. Be3 dxe4 17. Nxc6 bxc6 18. Nxe4 {½-½ (33) Anand,V (2782)-Ponkratov,P (2613) Riadh 2017}) 7. Nbd2 Bg7 8. Bb3 {LiveBook: 9 Games} a6 $146 {White is slightly better.} ({Predecessor:} 8... O-O 9. Nc4 Be6 10. Re1 b5 11. Ne3 d5 12. exd5 Nxd5 13. Nxd5 Bxd5 14. Be3 {1-0 (37) Arakhamia Grant,K (2369)-Daulyte,D (2404) Monaco 2017}) 9. Nc4 Be6 10. Re1 O-O 11. h3 Qd7 12. Nh2 d5 13. Nd2 Rad8 14. Qf3 Ne7 15. Ndf1 Ng6 16. Ng3 d4 ({Black should try} 16... Nh4 $11 17. Qe2 Rfe8) 17. Rd1 (17. cxd4 $1 $14 Bxb3 18. axb3) 17... c5 18. Nh5 (18. Bd2 {is interesting.} Nf4 19. cxd4 Qxd4 20. Bc3 Qxd3 21. Bxe5 c4 22. Rxd3 Rxd3 23. Bc2) 18... Nxh5 19. Qxh5 dxc3 (19... Bxb3 {feels hotter.} 20. axb3 Qe6 21. Ng4 Nh4 22. cxd4 cxd4 23. Bd2 f5) 20. bxc3 Nf4 (20... Qc6 {is more complex.} 21. Bxe6 Qxe6 22. g3 f5 23. Rb1 b5) 21. Bxf4 exf4 22. d4 {Threatens to win with d5.} Bxb3 23. axb3 cxd4 24. cxd4 {[%cal Bc3d4,Bd4d5,Bd5d6][%mdl 32]} Qe6 ({Not} 24... Bxd4 $2 25. Ng4 $18) 25. e5 Qg6 (25... Rd5 $11) 26. Qxg6 $16 fxg6 27. Nf3 Kf7 28. Ra5 Ke6 (28... Rfe8 $142) 29. d5+ Kd7 30. Rc5 (30. d6 $142) 30... Rfe8 31. d6 Rc8 32. Rdc1 ({White should play} 32. Rcd5 $16) 32... Rxc5 (32... Rc6 {looks sharper.} 33. R1c4 h5 34. Kf1 Bh8 35. e6+ Kxe6 36. Nxg5+ Kxd6 37. Nf7+ Kd7) 33. Rxc5 {And now Rc7+ would win.} Bxe5 (33... Kd8 $14) 34. Nxe5+ (34. Rxe5 $16 Rxe5 35. Nxe5+ Kxd6 36. Nd3 (36. Nxg6 Kc5 $11)) 34... Kxd6 $11 {[%mdl 4096] Endgame KRN-KR} 35. Nd3 Re1+ $1 36. Kh2 Re2 ({Better is} 36... Rb1 $1 $14) 37. Rc3 a5 38. Kg1 b6 39. Kf1 Ra2 40. Nc1 Rb2 41. Nd3 $2 (41. Ke1 $18) 41... Rb1+ $2 (41... Ra2 $1 $11) 42. Ke2 $18 b5 {[#]} 43. Kd2 $1 Ra1 44. Nc1 a4 45. b4 Rb1 46. Nd3 Kd5 47. Rc5+ Kd4 48. Rxb5 f3 49. gxf3 a3 (49... Rb3 {was necessary.}) 50. Ra5 Rb3 51. Ne1 {White threatens Nc2+ and mate.} Kc4 52. Ra8 Rb2+ 53. Nc2 a2 {[#]} 54. b5 $1 Kb3 (54... Rxb5 55. Na3+) 55. Ra3+ Kc4 {[#]} 56. b6 $1 Rxb6 57. Rxa2 Rd6+ {[#]} 58. Kc1 $1 Kd3 {Black hopes to continue with ...Ke2.} 59. Ne3 {Black must now prevent Rd2+.} Rf6 60. Rd2+ {Accuracy: White = 50%, Black = 32%.} 1-0

[Event "48th Rilton Cup 2018"]
[Site "Stockholm"]
[Date "2018.12.30"]
[Round "4"]
[White "Yeoh, Li Tian"]
[Black "Donchenko, Alexander"]
[Result "1/2-1/2"]
[WhiteElo "2508"]
[BlackElo "2604"]
[Annotator "TA"]
[PlyCount "68"]
[EventDate "2018.12.27"]
[EventType "swiss"]
[EventCountry "SWE"]
[SourceTitle "playchess.com"]
[Source "ChessBase"]
[SourceQuality "1"]

{[%evp 20,68,51,51,51,53,41,44,49,40,44,31,39,-20,-12,-14,0,-10,0,0,0,0,0,0,0,0,0,0,0,0,0,0,0,-37,30,30,30,0,0,0,0,-41,0,-41,43,43,43,43,43,43,43]} 1. Nf3 Nf6 2. g3 b6 3. Bg2 Bb7 4. O-O g6 5. c4 Bg7 6. d4 {[%cal Bd2d4,Bd4d5][%mdl 32]} O-O 7. d5 Na6 {A50: Queen's Fianchetto Defence (1 d4 Nf6 2 c4 b6)} (7... e6 8. Nc3 Re8 9. Nd4 exd5 10. cxd5 Na6 11. e4 Nc5 12. Re1 Nxd5 13. exd5 Rxe1+ 14. Qxe1 Bxd4 15. Be3 {0-1 (39) Melkumyan,H (2633)-Mamedyarov,S (2799) Riadh 2017}) 8. Nc3 Nc5 9. Nd4 e5 10. Nb3 d6 11. Nxc5 {LiveBook: 5 Games} dxc5 12. a4 $146 ({Predecessor:} 12. e4 Ne8 13. a4 Nd6 14. b3 a5 15. Ra2 {1-0 (77) Gleichmann,M (2528)-Stephan,J (2576) ICCF email 2012}) 12... a5 13. b3 Ne8 14. Bb2 Nd6 15. Qd2 f5 16. f4 (16. e4 $14) 16... exf4 $11 17. gxf4 Qh4 18. Nb5 {[#] Strongly threatening Bxg7.} Bxb2 19. Qxb2 Rf7 20. Nxd6 cxd6 21. Rf3 Re8 22. e3 Bc8 23. Raf1 Rg7 24. Qc3 Kf7 25. Rg3 Reg8 (25... Bd7 {seems wilder.} 26. Re1 Kg8 27. Rf1 Qe7 28. Kf2 Bc8) 26. Rff3 Qf6 ({Better is} 26... Ke8 $15) 27. Qxf6+ $1 Kxf6 28. Rf2 Bd7 29. Bf1 g5 30. Rfg2 h5 31. h4 {[%cal Rh4g5]} gxf4 ({Much worse is} 31... gxh4 $6 32. Rxg7 Rxg7 33. Rxg7 $16) (31... g4 $1 $15) 32. Rxg7 $14 {White is slightly better.} Rxg7 33. Rxg7 Kxg7 34. exf4 Be8 {Accuracy: White = 58%, Black = 49%.} 1/2-1/2

[Event "48th Rilton Cup 2018"]
[Site "Stockholm"]
[Date "2018.12.30"]
[Round "4"]
[White "Blomqvist, Erik"]
[Black "Mikalsen, Erlend"]
[Result "1-0"]
[WhiteElo "2497"]
[BlackElo "2357"]
[Annotator "TA"]
[PlyCount "93"]
[EventDate "2018.12.27"]
[EventType "swiss"]
[EventCountry "SWE"]
[SourceTitle "playchess.com"]
[Source "ChessBase"]
[SourceQuality "1"]

{[%evp 16,93,23,7,15,6,6,11,15,30,20,25,29,17,6,8,17,6,12,1,17,12,14,0,0,0,0,0,12,0,26,26,36,35,51,54,63,12,87,64,81,44,44,34,85,60,170,164,842,947,946,943,934,906,921,922,904,891,875,842,1063,1063,1062,1058,973,973,922,701,702,687,725,710,710,702,681,681,666,652,645,641]} 1. Nf3 d5 2. g3 g6 3. d4 Bg7 4. Bg2 Nf6 5. O-O O-O 6. c4 dxc4 7. Na3 c5 8. Nxc4 Be6 {D77: Fianchetto Grünfeld: 6 0-0: Replies other than 6...c6} 9. Nfe5 {LiveBook: 5 Games} (9. Nce5 cxd4 10. Qxd4 {½-½ (10) Yu,Y (2751)-Ding,L (2777) Riadh 2017}) 9... Qc8 10. dxc5 Nfd7 $1 {[%cal Rd7e5] The position is equal.} 11. c6 Nxc6 12. Nxc6 bxc6 13. Na5 Bd5 14. Bxd5 cxd5 15. Qxd5 Nf6 $146 ({Predecessor:} 15... Nb6 16. Qb5 {1-0 (50) Boehm,R-Hoegerl,F GER email 2009}) 16. Qf3 Qe6 17. Rd1 Ne4 18. Nb3 Rad8 {[%cal Ba8d8,Bd8d6,Bd6a6,Ba6a4][%mdl 32]} 19. Be3 Bxb2 20. Rab1 {Black must now prevent Rxd8.} Bf6 21. Nd4 Qd5 {...Nc3 is the strong threat.} 22. Rbc1 Rd6 23. Kg2 Ra6 24. Nc6 $36 {[%mdl 2048] White has good play.} Qe6 25. Nb4 Ra4 26. Nd5 (26. Rc6 $14 Qf5 27. Nd5) 26... g5 ({Not} 26... Rxa2 $2 27. Nf4 $18) (26... h5 $11 {keeps the balance.}) 27. h3 Kg7 28. Rd3 Be5 29. a3 h5 {[#]} (29... h6 $14) 30. Nb4 $1 $16 f5 {[#]} (30... Qg6 $14 31. Rc4 Nd6) 31. Rc6 $1 $18 {[%cal Rc6e6]} Qxc6 $2 (31... Bd6) 32. Nxc6 {White is clearly winning.} g4 33. hxg4 hxg4 34. Bh6+ $1 {[%mdl 64] Skewer, Decoy, Clearance} Kxh6 35. Qe3+ {[%mdl 64] Double Attack} f4 36. Qc1 Bd6 {[#]} 37. Nxe7 $1 {[%mdl 512]} Kg7 (37... Bxe7 38. Qc6+) 38. Qb2+ Kh6 {[#]} 39. Rxd6+ $1 {[%mdl 512]} Nxd6 40. Qe5 f3+ 41. exf3 gxf3+ 42. Kg1 Ne4 43. Nf5+ Kg6 44. Qg7+ Kxf5 45. Qxf8+ Nf6 46. Qc8+ Kg5 47. Qc3 {Accuracy: White = 74%, Black = 46%.} 1-0

[Event "48th Rilton Cup 2018"]
[Site "Stockholm"]
[Date "2018.12.30"]
[Round "4"]
[White "Gholami, Aryan"]
[Black "Kobalia, Mikhail"]
[Result "1/2-1/2"]
[WhiteElo "2488"]
[BlackElo "2620"]
[Annotator "TA"]
[PlyCount "60"]
[EventDate "2018.12.27"]
[EventType "swiss"]
[EventCountry "SWE"]
[SourceTitle "playchess.com"]
[Source "ChessBase"]
[SourceQuality "1"]

{[%evp 13,60,0,0,-12,-12,-12,0,-2,0,-18,13,7,12,7,13,6,20,20,19,25,33,31,29,27,42,18,2,1,1,1,10,0,0,0,0,0,0,0,0,0,0,0,0,0,0,0,0,0,0]} 1. Nf3 d5 2. c4 c6 3. g3 Bg4 4. Bg2 e6 5. O-O Nf6 6. d3 Bd6 {A11: English Opening: 1...c6} 7. cxd5 (7. Nc3 O-O 8. Be3 Nbd7 9. Qb3 Qb8 10. a3 Re8 11. Rfc1 Bh5 12. Qc2 a5 13. b3 h6 14. Qb2 {0-1 (67) Pantsulaia,L (2612)-Carlsen,M (2837) Riadh 2017}) 7... cxd5 {LiveBook: 5 Games} 8. Nc3 Nc6 9. Qb3 Qd7 10. Nb5 Be7 $146 ({Predecessor:} 10... Bb8 11. Be3 O-O 12. h3 Bh5 13. Rac1 Re8 14. Rfe1 {0-1 (61) Maletin,P (2423)-Kornev,A (2582) Tomsk 2004}) 11. Bf4 {[#] Black must now prevent Nc7+.} O-O 12. Nbd4 Nxd4 13. Nxd4 Bc5 14. Nf3 Qe7 15. Rac1 Rac8 16. Rc3 Bb6 17. Rfc1 Rxc3 18. Qxc3 Nd7 19. h3 Bxf3 {The position is equal.} 20. Bxf3 Nb8 21. Bxb8 Rxb8 22. d4 Rd8 23. e3 Rd7 24. Qc8+ Rd8 25. Qc3 Rd7 26. Qc8+ Rd8 27. Qc3 Rd7 28. Qc8+ Rd8 29. Qc3 Rd7 30. Qc8+ Rd8 {Accuracy: White = 69%, Black = 63%.} 1/2-1/2

[Event "48th Rilton Cup 2018"]
[Site "Stockholm"]
[Date "2018.12.30"]
[Round "4"]
[White "Nesterov, Arseniy"]
[Black "Volkov, Sergey"]
[Result "0-1"]
[WhiteElo "2411"]
[BlackElo "2583"]
[Annotator "TA"]
[PlyCount "140"]
[EventDate "2018.12.27"]
[EventType "swiss"]
[EventCountry "SWE"]
[SourceTitle "playchess.com"]
[Source "ChessBase"]
[SourceQuality "1"]

{[%evp 23,140,17,6,9,36,22,22,-5,-4,-27,-16,-19,-18,-20,0,0,0,0,0,0,18,8,16,13,106,-110,-104,-108,-100,-209,-162,-182,-70,-70,-65,-52,-31,-36,2,2,2,2,0,0,1,1,1,1,2,-66,-67,-85,-95,-95,-95,-95,-95,-95,-96,-215,-215,-208,-208,-208,-121,-208,-208,-516,-516,-12850,-29940,-29950,-29953,-29950,-29953,-29949,-12845,-29965,-29947,-29943,-12831,-12831,-12830,-771,-12594,-12188,-12188,-29962,-5736,-29955,-5294,-4987,-1320,-3709,-3709,-3286,-110,-1328,-1192,-29969,-29970,-29969,-29969,-29968,-29969,-29976,-29978,-29978,-29979,-29979,-29979,-29983,-29984,-29993,-29994,-29996,-29997,-29997,-29998]} 1. d4 d5 2. c4 c6 3. Nf3 Nf6 4. Nc3 a6 5. e3 b5 6. b3 Bg4 7. Be2 Nbd7 8. O-O e6 9. h3 Bf5 {D15: Slav Defence: 4 Nc3 a6 and gambit lines after 4 Nc3 dxc4} 10. Bb2 Bd6 11. Nh4 Be4 12. f3 Bg6 {LiveBook: 5 Games} 13. Nxg6 hxg6 {[#]} 14. f4 $146 ({Predecessor:} 14. Bd3 O-O 15. c5 Bc7 16. f4 b4 17. Ne2 Ne4 {½-½ (100) Riazantsev,A (2710)-Savchenko,S (2512) Kishinev 2012}) 14... b4 15. Nb1 g5 16. c5 Bc7 17. a3 gxf4 18. exf4 a5 19. Qe1 bxa3 20. Rxa3 Qb8 21. Bc1 $1 g5 22. fxg5 Ne4 23. Bf3 Ng3 (23... Bg3 $11 {remains equal.} 24. Qd1 Bh2+ 25. Kh1 Ng3+ {[%mdl 64] Double Attack} 26. Kxh2 Nxf1+ 27. Kg1 Ng3) 24. g6 $2 (24. Rf2 $16) 24... Nxf1 $17 25. gxf7+ Kxf7 26. Bg4 (26. Kxf1 $17 Qg8 27. b4 (27. Bg4 Ke7 $17)) 26... Kg7 27. Qxe6 Bh2+ (27... Nf6 $1 $19 28. Bg5 (28. Kxf1 $2 Bf4 $19) (28. Qe7+ Kg6 $17) 28... Nxg4 29. Qxg4 Qc8 30. Qxc8 Rhxc8 31. Kxf1 Rf8+ 32. Ke2 Rae8+ 33. Kd3 Rf2) 28. Kxf1 $15 Rf8+ $1 29. Bf3 $1 Qb5+ 30. Qe2 $1 Qxe2+ (30... Bf4 {keeps more tension.} 31. Bd2 Qb8 32. Kg1 Bxd2 33. Qxd2 Qg3) 31. Kxe2 Rfe8+ 32. Kd1 Bg1 33. Ra4 Reb8 $36 {[%mdl 2048] Black has the initiative.} 34. Kc2 Rb4 35. Bb2 $1 Nf8 {Hoping for ...Ne6.} 36. Nc3 (36. Bg4 $11) 36... Bxd4 37. Nxd5 Rxa4 38. bxa4 Bxb2 39. Nb6 Rb8 {...Bd4 is the strong threat.} 40. Kxb2 $17 {[%mdl 4096] Endgame KRN-KBN} Nd7 $1 {[%cal Rd7c5]} 41. Kc2 (41. Kc3 $17 Nxc5 42. Kc4 Nxa4 {[%mdl 64] Decoy} 43. Nxa4 Rb4+ {[%mdl 64] Double Attack} 44. Kc3 Rxa4 45. Bxc6) 41... Nxb6 $19 ({Worse is} 41... Nxc5 42. Nc4 $11) 42. cxb6 Rxb6 {KR-KB} 43. Kc3 Rb1 (43... Kf6 $19 44. g3 Ke6) 44. h4 (44. Kd4 $17 {was worth a try.}) 44... Kf6 $1 45. h5 $2 (45. Be4 Rb4 46. Bxc6) 45... Kg5 $1 46. g4 (46. h6 $142 Kxh6 47. Be4 Rc1+ 48. Kd2) 46... Rf1 $1 {[%cal Rf1f3]} 47. Be4 c5 $1 48. Bf5 Rf4 49. Kb3 Rb4+ 50. Ka3 Rb6 51. Bd7 Rb7 (51... Rd6 $142 52. Bf5 Rb6 53. Bd7 Rd6 54. Bc8 Rb6 55. Bd7) 52. Bb5 Rf7 53. Kb3 Rf4 $1 {[%cal Rf4g4]} 54. Bd7 Rb4+ 55. Ka3 Kh6 (55... c4 $142 56. Ka2 c3 57. Bf5 Kh6 58. Ka3 Kg5 59. Ka2 Rb2+ 60. Ka3 Rb4 61. Ka2) 56. Bf5 Rb7 (56... c4 $142 57. Bg6 c3 58. Bf5 Rb7 59. Be4 Rb4 60. Bf5 Kg5 61. Ka2 Kh6 62. Ka3) 57. Bd3 Rd7 (57... Rb8 $142 58. Bb5 Rd8) 58. Bf5 Rd4 59. Kb3 {[#]} Kg5 $2 (59... Rf4 $1 $19 {[%cal Rf4b4] has better winning chances. aiming for ...Rb4+.} 60. Ka3 Rb4) 60. Bc8 $2 {[%mdl 8192] [#]} (60. Ka3 $17) 60... Rb4+ $1 61. Ka3 c4 {Black mates.} 62. Be6 c3 63. Bf5 Rb2 64. Bg6 Kxg4 65. h6 Kf4 66. h7 Rb8 67. Ka2 Ke3 68. Bf7 c2 69. Bg8 c1=Q {[%csl Gb8][%cal Rc1b2]} 70. h8=Q Qb1+ {Accuracy: White = 34%, Black = 61%.} 0-1

[Event "48th Rilton Cup 2018"]
[Site "Stockholm"]
[Date "2018.12.30"]
[Round "4"]
[White "Percivaldi, Martin"]
[Black "Liang, Awonder"]
[Result "0-1"]
[WhiteElo "2393"]
[BlackElo "2589"]
[Annotator "TA"]
[PlyCount "72"]
[EventDate "2018.12.27"]
[EventType "swiss"]
[EventCountry "SWE"]
[SourceTitle "playchess.com"]
[Source "ChessBase"]
[SourceQuality "1"]

{[%evp 11,72,15,15,9,13,0,12,16,19,20,52,13,18,12,14,0,19,14,27,31,20,12,16,19,62,20,16,8,6,-19,33,-2,0,0,0,-82,-74,-75,-14,-13,-18,-86,-78,-81,-75,-83,-81,-89,-44,-47,-47,-69,-78,-77,-50,-100,-69,-174,-154,-306,-300,-563,-558]} 1. Nf3 Nf6 2. g3 b6 3. Bg2 Bb7 4. O-O g6 5. d3 Bg7 6. e4 {A05: Réti Opening: 1 Nf3 Nf6} O-O {LiveBook: 28 Games} 7. Nh4 (7. Nc3 d6 8. a4 a6 9. Ng5 e5 10. f4 Nc6 11. f5 Ne7 12. g4 d5 13. Qe2 {1-0 (39) Sjugirov,S (2650)-Bortnyk,O (2610) Riadh 2017}) 7... Ne8 8. f4 {[%cal Bf2f4,Bf4f5][%mdl 32] The position is equal.} c5 9. Nc3 Nc6 $146 ({Predecessor:} 9... e6 10. f5 Nc6 11. Be3 Ne5 12. Qe2 d5 13. fxg6 {0-1 (38) Meyer,E-Lein,A (2525) Columbus,OH 1977}) 10. f5 Nd4 11. Ne2 e6 12. c3 Nc6 13. Nf3 Ne7 14. fxg6 fxg6 15. Bf4 Nf6 16. Qd2 c4 $1 17. e5 Nfd5 18. Bg5 cxd3 19. Qxd3 Qc7 20. Ned4 Nc6 (20... Rac8 $11) 21. Nxc6 (21. Nb5 $5 {[%cal Rb5c7]} Qb8 22. Rae1 $11) 21... Qxc6 22. Rae1 Rac8 23. Nh4 (23. Nd4 $11 Qc7 24. Rxf8+ Rxf8 25. Qe2) 23... Qc5+ $17 24. Kh1 Rf2 ({Better is} 24... Rxf1+ $17 25. Rxf1 Bc6) 25. Rxf2 $1 $11 Qxf2 {[%mdl 64] [#] Double Attack} 26. Qe2 ({Much weaker is} 26. Rf1 Qxb2 27. c4 Qxe5 $17) (26. Bd2 $11 {remains equal.}) 26... Qxe2 $17 27. Rxe2 b5 28. a3 {[#]} a5 $1 29. h3 Rf8 30. Be7 Rf7 31. Bd8 a4 32. Kg1 Bf8 33. Kh2 Bc6 34. Ba5 ({White should try} 34. Bg5 $15) 34... Bc5 35. Bb4 $2 (35. Nf3 $17) 35... Bb6 $19 36. Be4 $2 (36. Bxd5 Bxd5 37. g4) 36... Nxb4 {Accuracy: White = 37%, Black = 55%.} 0-1